000 003400000a22001450004500
003 MACL
040 _aMACL
090 _c45169
_d45167
100 _aJain, Jyotindra
245 _aIndias Popular culture
_bIconic spaces and fluid images
260 _bMarg Publications
_c2007
350 _a2500
650 _aCulture
942 _cBOOK
_k306/JAI
999 _c44707
_d44707